000 00388 a2200169 4500
001 156783
020 _a9788526260081
040 _cEscola São Tomás de Aquino
100 _aMACHADO, Ana Maria
240 1 0 _aO jardim secreto
_lpor
245 1 0 _aO jardim secreto
300 _a48 p.
362 0 _a2004
440 1 _aScipione
697 _a*LITERATURA INFANTO JUVENIL
942 _cBK
999 _c156783
_d156783